Test de rapidité - réécrit ces mots - Statistiques

Statistiques générales
  • Ce quiz a été pris 429 fois
  • Le résultat moyen est 20 sur 20
Statistiques - réponses
Mot à réécrire réponse % Correct
Camion Camion
100%
Pirouette Pirouette
99%
Turbo Turbo
99%
Voiture Voiture
99%
à à
98%
Cacahuète Cacahuète
98%
Chat Chat
98%
Chienne Chienne
98%
De De
98%
Genitale Genitale
98%
Herbe Herbe
98%
Organe Organe
98%
Partie Partie
98%
Patate Patate
98%
Prout Prout
98%
Purin Purin
98%
Semence Semence
98%
Vache Vache
98%
Guerre Guerre
97%
Cannibalisme Cannibalisme
96%
Aucun quiz correspondant
Distribution des résultats
% des personnes avec chaque résultat
Percentile par nombre de réponses
Votre historique - résultats
Vous n’avez pas pris ce quiz